Estudios de derecho y propiedad intelectual: colección de trabajos en homenaje a Arturo Alessandri Besa
Đã lưu trong:
| Tác giả chính: | |
|---|---|
| Tác giả khác: | |
| Định dạng: | Sách |
| Ngôn ngữ: | Tiếng Tây Ban Nha |
| Được phát hành: |
Santiago
Jurídica de Chile
2010
|
| Phiên bản: | 1a. ed |
| Những chủ đề: | |
| Các nhãn: |
Thêm thẻ
Không có thẻ, Là người đầu tiên thẻ bản ghi này!
|
MARC
| LEADER | 00000nam a2200000 a 4500 | ||
|---|---|---|---|
| 001 | UCG1079 | ||
| 003 | CL-VaPUC | ||
| 008 | 100422e20100000CL |||||||||||||||||spa|d | ||
| 020 | |a 9789561019768 | ||
| 082 | 0 | 4 | |a 346.048 |b VEL |2 21 |
| 100 | 0 | |a Velasco Santelices, Rodrigo |e author |9 548823 | |
| 700 | |a Morales Andrade, Marcos Daniel |e autor |9 460502 | ||
| 245 | 1 | 0 | |a Estudios de derecho y propiedad intelectual: colección de trabajos en homenaje a Arturo Alessandri Besa |
| 250 | |a 1a. ed | ||
| 300 | |a 394 p | ||
| 942 | |c BK | ||
| 945 | |d 20100422 00:00:00 |a rbrito | ||
| 260 | |a Santiago |b Jurídica de Chile |c 2010 | ||
| 650 | 0 | |a Derecho de propiedad intelectual |9 382240 | |
| 650 | 0 | |a Propiedad intelectual |9 256126 | |
| 650 | 0 | |a Derecho de autor |9 332641 | |
| 650 | 0 | |a Marcas comerciales |9 386702 | |
| 650 | 0 | |a Derecho de familia |9 255603 | |
| 650 | 0 | |a Derechos humanos |9 223025 | |
| 583 | |a last modification |c 20100422 00:00:00 |k Rodrigo Vera | ||
| 999 | |c 340533 |d 340531 | ||
| 952 | |0 0 |1 0 |4 0 |6 346_048000000000000_VEL_2010 |7 0 |8 A |9 435341 |a BIBDER |b BIBDER |d 2019-11-22 |i 4663691 |l 2 |o 346.048 VEL 2010 |p 4663691 |r 2023-01-25 |s 2022-10-12 |w 2019-11-22 |y BK |k DER | ||